Country Flags without White - Hard - Statistics

General Stats
  • This quiz has been taken 27 times
  • The average score is 36 of 50
Answer Stats
Answer % Correct
Belgium
96%
China
96%
Chad
91%
Germany
91%
Romania
91%
Lithuania
87%
Sweden
87%
Albania
83%
Morocco
83%
Vietnam
83%
Armenia
78%
Bangladesh
78%
Benin
78%
Ethiopia
78%
Ghana
78%
Kyrgyzstan
78%
Senegal
78%
Angola
74%
Bahamas
74%
Burkina Faso
74%
Cameroon
74%
Colombia
74%
Guinea
74%
Jamaica
74%
Kazakhstan
74%
Liechtenstein
74%
Mauritania
74%
Mongolia
74%
Palau
74%
Rwanda
74%
Barbados
70%
Congo, Republic of the
70%
Guinea-Bissau
70%
Moldova
70%
Ukraine
70%
Zambia
70%
Mali
65%
Mauritius
65%
Tanzania
65%
Eritrea
61%
Gabon
61%
Grenada
61%
North Macedonia
61%
Sri Lanka
61%
Malawi
57%
Montenegro
57%
Vanuatu
57%
São Tomé and Príncipe
52%
Saint Vincent and the Grenadines
48%
Congo, Democratic Republic of the
26%
No matching quizzes found
Score Distribution
Percent of People with Each Score
Percentile by Number Answered
Your Score History
You have not taken this quiz